000 00315nam a2200109Ia 4500
008 220214s9999 xx 000 0 und d
100 _aPoldervaart A
245 0 _aBullock cart or the Tjikar as road destroyer
260 _bPamphlet (translated from the journal De Bergcultures)
_c1938
300 _a28p
942 _cRE
999 _c45788
_d45788